BIBLIOTECA

SENCICO

Espacios verdes : Planificación y arquitectura de jardines (Registro nro. 2125)

Detalles MARC
000 -LEADER
fixed length control field 00684nam a2200241Ia 4500
005 - DATE AND TIME OF LATEST TRANSACTION
control field 20251020182532.0
008 - FIXED-LENGTH DATA ELEMENTS--GENERAL INFORMATION
fixed length control field 200515s9999 xx 000 0 und d
020 ## - INTERNATIONAL STANDARD BOOK NUMBER
International Standard Book Number 84-8076-624-7
082 ## - DEWEY DECIMAL CLASSIFICATION NUMBER
Classification number 712.3/C31
100 ## - MAIN ENTRY--PERSONAL NAME
Personal name Carter, George
245 #0 - TITLE STATEMENT
Title Espacios verdes : Planificación y arquitectura de jardines
250 ## - EDITION STATEMENT
Edition statement 1a ed.
260 ## - PUBLICATION, DISTRIBUTION, ETC.
Place of publication, distribution, etc. Barcelona
260 ## - PUBLICATION, DISTRIBUTION, ETC.
Name of publisher, distributor, etc. Blume
260 ## - PUBLICATION, DISTRIBUTION, ETC.
Date of publication, distribution, etc. 2006
300 ## - PHYSICAL DESCRIPTION
Other physical details il., tbl., graf., fot., col.
500 ## - GENERAL NOTE
General note 1 ejemplar
520 ## - SUMMARY, ETC.
Summary, etc. 2 ejemplares. Soluciones sencillas e imaginativas para cada una de las cinco grandes claves del diseño de jardines.
650 ## - SUBJECT ADDED ENTRY--TOPICAL TERM
Topical term or geographic name entry element JARDINES
942 ## - ADDED ENTRY ELEMENTS (KOHA)
Koha item type Libros
Existencias
Fecha de la última vez que lo usaron Pago total Signatura topográfica completa Código de barras Precio efectivo desde Tipo de documento Estado perdido Estado dañado No es para préstamo Retirado Ubicación permanente Ubicación actual Fecha de adquisición
15/05/2020   712.3/C31 Bib-Lima15052125 15/05/2020 Libros         Biblioteca Central Lima Biblioteca Central Lima 15/05/2020